| 000 | 01855nam a22001577a 4500 | ||
|---|---|---|---|
| 041 | _aukr | ||
| 080 | _a09 | ||
| 090 | _bМАЗ | ||
| 100 | _aМазурок Т.М. | ||
| 245 | _aКонцепт "ворог" у промовах екс-премєр-міністра Великобританії, Маргарет Тетчер | ||
| 260 |
_aОстрог _bКАФ _c2009 |
||
| 300 | _a63 | ||
| 520 |
_aВСТУП
РОЗДІЛ 1 ПОЛІТИЧНИЙ ДИСКУРС ЯК ОБЄКТ ЛІНГВІСТИЧНОГО АНАЛІЗУ
1.1 Політичний дискурс як обєкт лінгвістичного аналізу.
1.2 Особливості та функції політичного дискурсу.
1.3 Модель маніпуляційного впливу в політичному дискурсі.
1.4 Протиставлення "свій\чужий" у політичному дискурсі.
РОЗДІЛ 2 ЛЕКСИКО-СТИЛІСТИЧНІ ЗАСОБИ ВИРАЖЕННЯ ПОЛІТИЧНОЇ ДУМКИ У ПРОМОВАХ МАРГАРЕТ ТЕТЧЕР
2.2 Стилістичні фігури заміни.
2.1 Синтаксичні стилістичні фігури.
2.3 Стилістичні фігури комбінації.
РОЗДІЛ 3 КОНЦЕПТ "ВОРОГ" У ПРОМОВАХ МАРГАРЕТ ТЕТЧЕР
3.1 Підходи до визначення концепту.
3.2 Когнітивний аналіз лексики на позначення концепту "ворог" у промовах Маргарет Тетчер.
3.3 Семантичне групування лексики концепту "ворог" у промовах Маргарет Тетчер.
ВИСНОВКИ _0політичний дискурс,М.Тетчер,промови, |
||
| 650 | _aResearch Papers | ||
| 999 |
_c284211 _d284211 |
||
| 942 | _cBK | ||